|
|
|
|
| LEADER |
00643cam a2200181ua 4500 |
| 020 |
|
|
|a 81-858228-X
|
| 082 |
|
|
|a M923.2
|b CHE/P
|
| 100 |
0 |
|
|a ചെ ഗുവേര
|
| 245 |
1 |
0 |
|a പാതയിലേക്ക് വീണ്ടും
|
| 260 |
|
|
|a Thrissur
|b Green Books
|c 2004
|
| 300 |
|
|
|a 168p.
|
| 650 |
|
|
|a Paathayilekku veendum: a journey to central America
|
| 650 |
|
|
|a Che Guevara
|
| 650 |
0 |
|
|a Back on the road- Malayalam translation
|
| 700 |
|
|
|a Che Guevara, Ernesto.
|
| 942 |
|
|
|c BK
|
| 999 |
|
|
|c 16110
|d 16110
|
| 952 |
|
|
|0 0
|1 0
|4 0
|6 M_923_200000000000000_CHEP
|7 0
|9 16793
|a KUCL
|b KUCL
|d 2014-05-23
|l 2
|m 1
|o M923.2 CHE/P
|p 18182
|r 2017-05-11
|s 2017-03-02
|y BK
|